[Event "Maranhense-ch I Etapa"]
[Site "Imperatriz"]
[Date "2003.??.??"]
[Round "4"]
[White "Castro, Marcos Vinicio"]
[Black "Tavares, Emerson"]
[Result "1-0"]
[WhiteElo "1843"]
[BlackElo "1705"]
[PlyCount "79"]
[EventDate "2003.02.03"]
[EventType "swiss"]
[EventRounds "7"]
[EventCountry "BRA"]
[SourceTitle "EXT 2006"]
[Source "ChessBase"]
[SourceDate "2005.11.24"]
[SourceVersion "1"]
[SourceVersionDate "2005.11.24"]
[SourceQuality "1"]

1. e4 Nf6 2. e5 Ng8 3. Nf3 e6 4. Be2 d5 5. exd6 Bxd6 6. 0-0 e5 7. Nc3 Nf6 8. d3 Nc6 9. Bg5 Nd4 10. Nd5 0-0 11. Nxd4 exd4 12. Nxf6+ gxf6 13. Bh6 Re8 14. Bg4 Bxh2+ 15. Kh1 f5 16. Bh3 Re6 17. Qh5 Qf6 18. Bg5 Qg6 19. Qh4 Bd6 20. Rfe1 Rxe1+ 21. Rxe1 Bd7 22. Bf4 Bxf4 23. Qxf4 Re8 24. Rxe8+ Bxe8 25. Qxc7 Qa6 26. Qd8 Qe6 27. Qxd4 Qxa2 28. c4 a5 29. Bxf5 h5 30. Be4 Qa1+ 31. Kh2 b5 32. cxb5 Bxb5 33. Qd8+ Kg7 34. Qg5+ Kf8 35. Qxb5 h4 36. Qc5+ Kg7 37. b3 a4 38. bxa4 Qxa4 39. Qg5+ Kf8 40. Qxh4 1-0

[Event "Maranhense-ch I Etapa"]
[Site "Imperatriz"]
[Date "2003.??.??"]
[Round "7"]
[White "Tavares, Emerson"]
[Black "Campos, Daniel"]
[Result "0-1"]
[WhiteElo "1705"]
[BlackElo "1840"]
[PlyCount "47"]
[EventDate "2003.02.03"]
[EventType "swiss"]
[EventRounds "7"]
[EventCountry "BRA"]
[SourceTitle "EXT 2006"]
[Source "ChessBase"]
[SourceDate "2005.11.24"]
[SourceVersion "1"]
[SourceVersionDate "2005.11.24"]
[SourceQuality "1"]

1. e4 c6 2. d4 d5 3. f3 dxe4 4. fxe4 g6 5. Nf3 Bg7 6. c3 h6 7. d5 Nf6 8. dxc6 Qxd1+ 9. Kxd1 Nxc6 10. Bd3 Be6 11. e5 Ng4 12. Re1 Ngxe5 13. Nxe5 Nxe5 14. Bb5+ Bd7 15. Bxd7+ Nxd7 16. Be3 0-0 17. Bd4 Bxd4 18. cxd4 Nb6 19. Nd2 Rfd8 20. Nf3 e6 21. Rc1 Rd7 22. Re2 Nd5 23. Ne5 Re7 24. h3 0-1